Clubes que venceram a libertadores invictos - Statistics

Estatísticas Gerais
  • Esse quiz foi jogado 109 vezes
  • A pontuação média é 6 de 7
Estatísticas das Respostas
Ano Clubes % Correto
2022 Flamengo
99%
2012 Corinthians
96%
1963 Santos
91%
1978 Boca Juniors
82%
1964 Independiente
78%
1960 Peñarol
78%
1969 e 1970 Estudiantes
66%
Nenhum quiz correspondente encontrado
Distribuição das Pontuações
Porcentagem de Pessoas com Cada Pontuação
Percentil de Números Respondidos
Sua Pontuação Histórica
Você não jogou esse quiz